The 8 Planets - from First to Last in Solar System - Statistics

General Stats
  • This quiz has been taken 71 times
  • The average score is 8 of 8
Answer Stats
Planet % Correct
1 Mercury
100%
3 Earth
96%
2 Venus
96%
4 Mars
95%
5 Jupiter
93%
6 Saturn
93%
7 Uranus
93%
8 Neptune
89%
No matching quizzes found
Score Distribution
Percent of People with Each Score
Percentile by Number Answered
Your Score History
You have not taken this quiz